Najdroższe transfery Realu Madryt - Statystyki

Ogólne statystyki
  • Ten quiz został rozwiązany 606 razy
  • Średni wynik to 8 z 10
Statystyki odpowiedzi
Piłkarz Narodowość Sezon Klub oddający Kwota % Poprawnych
Cristiano Ronaldo Portugalia 2009/10 Manchester United 94,00 mln €
98%
Gareth Bale Walia 2013/14 Tottenham Hotspur 101,00 mln €
96%
Jude Bellingham Anglia 2023/24 Borussia Dortmund 127,00 mln €
96%
Eden Hazard Belgia 2019/20 FC Chelsea 120,80 mln €
89%
James Rodríguez Kolumbia 2014/15 AS Monaco 75,00 mln €
78%
Zinédine Zidane Francja 2001/02 Juventus Turyn 77,50 mln €
78%
Kaká Brazylia 2009/10 AC Milan 67,00 mln €
75%
Aurélien Tchouaméni Francja 2022/23 AS Monaco 80,00 mln €
69%
Dean Huijsen Hiszpania 2025/26 AFC Bournemouth 62,50 mln €
67%
Luka Jović Serbia 2019/20 Eintracht Frankfurt 63,00 mln €
66%
Nie znaleziono quizów pasujących do podanych kryteriów
Rozkład punktacji
Procent ludzi z każdym wynikiem
Percentyl według liczby udzielonych odpowiedzi
Twoja historia wyników
Nie rozwiązałeś tego quizu